Panduan lengkap flipping rumah lelong

Bibliographic Details
Main Author: Mohd Safuan bin Abd Rahman (Author)
Format: Book
Language:Malay
Published: Shah Alam, Selangor : MOHD SAFUAN BIN ABD RAHMAN 2014
Edition:First edition
Subjects:

MARC

LEADER 00000cam a2200000 7i4500
001 0000027604
005 20241119.0
008 171003 my o may
020 |a 9789671246313 
040 |a INS   |b eng   |e rda 
090 0 0 |a HF5478   |b M73 2014 
100 0 |a Mohd Safuan bin Abd Rahman ,   |e author 
245 1 0 |a Panduan lengkap flipping rumah lelong   |c Mohd Safuan bin Abd Rahman 
250 |a First edition 
264 1 |a Shah Alam, Selangor :   |b MOHD SAFUAN BIN ABD RAHMAN   |c 2014 
300 |a 122 pages :   |b photographs ;   |c 21 cm. 
336 |a text  |2 rdacontent 
337 |a unmediated  |2 rdamedia 
338 |a volume  |2 rdacarrier 
500 |a Includes index 
650 0 |a Auctions 
650 0 |a Commercial leases   |z Malaysia 
650 0 |a Real estate business   |z Malaysia 
650 0 |a Residential real estate   |x Purchasing   |z Malaysia 
999 |a 1000003067   |b BOOK   |c Open Shelf   |e Default branch